Statistics for The Beatles Songs Quiz - Extreme

Click here to take the quiz!

General Stats

  • This quiz has been taken 151 times
    (144 since last reset)
  • The average score is 104 of 306

Answer Stats

HintAnswer% Correct
Revolver | Yellow SubmarineYellow Submarine
94%
Help!Help!
92%
A Hard Day's NightA Hard Day's Night
90%
Let It Be | Past MastersLet It Be
90%
Please Please MePlease Please Me
90%
Sgt. Pepper's Lonely Hearts Club BandSgt. Pepper's Lonely Hearts Club Band
83%
Sgt. Pepper's Lonely Hearts Club BandSgt. Pepper's Lonely Hearts Club Band (Reprise)
83%
Magical Mystery TourStrawberry Fields Forever
82%
RevolverEleanor Rigby
81%
Past Masters | Please Please MeLove Me Do
80%
Past MastersHey Jude
79%
Help!Yesterday
78%
Magical Mystery TourMagical Mystery Tour
77%
Abbey RoadHere Comes The Sun
75%
The BeatlesBack In The U.S.S.R.
74%
Magical Mystery TourPenny Lane
74%
Sgt. Pepper's Lonely Hearts Club BandLucy In The Sky With Diamonds
73%
Past MastersI Want To Hold Your Hand
72%
Past MastersKomm, gib mir deine Hand
72%
Rubber SoulNorwegian Wood (This Bird Has Flown)
72%
Please Please MeTwist And Shout
72%
Sgt. Pepper's Lonely Hearts Club BandA Day In The Life
70%
Let It Be | Past MastersGet Back
70%
Magical Mystery TourI Am The Walrus
68%
Abbey RoadSomething
68%
The BeatlesBlackbird
67%
Abbey RoadCome Together
66%
Past MastersRevolution
66%
The BeatlesRevolution 1
66%
The BeatlesRevolution 9
66%
The BeatlesWhile My Guitar Gently Weeps
66%
Rubber SoulMichelle
65%
RevolverTaxman
65%
Past MastersShe Loves You
64%
Past MastersSie liebt dich
64%
Let It BeThe Long And Winding Road
64%
Beatles For SaleEight Days A Week
62%
The BeatlesHelter Skelter
62%
The BeatlesOb-La-Di, Ob-La-Da
62%
Abbey RoadOctopus's Garden
62%
Sgt. Pepper's Lonely Hearts Club BandWhen I'm Sixty-Four
62%
Let It Be | Past MastersAcross The Universe
61%
Past MastersPaperback Writer
61%
Sgt. Pepper's Lonely Hearts Club BandWith A Little Help From My Friends
60%
Magical Mystery Tour | Yellow SubmarineAll You Need Is Love
59%
Rubber SoulIn My Life
58%
Abbey RoadMaxwell's Silver Hammer
58%
The BeatlesRocky Raccoon
58%
Rubber SoulDrive My Car
57%
Sgt. Pepper's Lonely Hearts Club BandLovely Rita
56%
Help!Ticket To Ride
56%
Abbey RoadMean Mr Mustard
55%
A Hard Day's NightAnd I Love Her
54%
Magical Mystery TourHello, Goodbye
54%
RevolverHere, There And Everywhere
54%
Past MastersThe Ballad Of John And Yoko
54%
Magical Mystery TourThe Fool On The Hill
54%
The BeatlesDear Prudence
53%
Please Please MeI Saw Her Standing There
53%
Abbey RoadHer Majesty
52%
Rubber SoulNowhere Man
52%
Sgt. Pepper's Lonely Hearts Club BandShe's Leaving Home
52%
Rubber SoulGirl
51%
Abbey RoadCarry That Weight
50%
Sgt. Pepper's Lonely Hearts Club BandFixing A Hole
50%
Abbey RoadGolden Slumbers
50%
Abbey RoadPolythene Pam
50%
Past MastersDay Tripper
49%
The BeatlesGlass Onion
49%
Abbey RoadShe Came In Through The Bathroom Window
49%
Sgt. Pepper's Lonely Hearts Club BandWithin You Without You
49%
With The BeatlesAll My Loving
48%
A Hard Day's NightCan't Buy Me Love
48%
Past MastersDon't Let Me Down
48%
Anniversary EditionsI'm Ready (Rocker) / Save The Last Dance For Me / Don't Let Me Down
48%
The BeatlesJulia
48%
Abbey RoadThe End
48%
Let It BeDig A Pony
47%
RevolverGood Day Sunshine
47%
The BeatlesHappiness Is A Warm Gun
47%
Past MastersLady Madonna
47%
The BeatlesBirthday
46%
With The BeatlesRoll Over Beethoven
46%
RevolverTomorrow Never Knows
46%
Please Please MeAnna (Go To Him)
45%
RevolverDoctor Robert
45%
Yellow SubmarineHey Bulldog
45%
Please Please MeDo You Want To Know A Secret
44%
Let It BeTwo Of Us
43%
Abbey RoadBecause
42%
Sgt. Pepper's Lonely Hearts Club BandBeing For The Benefit Of Mr. Kite!
42%
Please Please MeChains
42%
Abbey RoadOh! Darling
42%
The BeatlesSexy Sadie
42%
Please Please MeBoys
41%
The BeatlesPiggies
41%
Rubber SoulRun For Your Life
41%
The BeatlesHoney Pie
40%
RevolverI'm Only Sleeping
40%
Abbey RoadI Want You (She's So Heavy)
40%
Abbey RoadSun King
40%
Anniversary EditionsCan You Dig It?
39%
Let It BeDig It
39%
Sgt. Pepper's Lonely Hearts Club BandGood Morning Good Morning
39%
Beatles For SaleKansas City / Hey-Hey-Hey-Hey!
39%
With The BeatlesPlease Mister Postman
39%
Rubber SoulThe Word
39%
Abbey RoadYou Never Give Me Your Money
39%
Magical Mystery TourBlue Jay Way
38%
Help!Dizzy Miss Lizzy
38%
RevolverFor No One
38%
Let It BeFor You Blue
38%
Sgt. Pepper's Lonely Hearts Club BandGetting Better
38%
RevolverGot To Get You Into My Life
38%
Let It BeMaggie Mae
38%
The BeatlesSavoy Truffle
38%
The BeatlesThe Continuing Story Of Bungalow Bill
38%
The BeatlesWhy Don't We Do It In The Road?
38%
The BeatlesYer Blues
38%
RevolverAnd Your Bird Can Sing
37%
The BeatlesMartha My Dear
37%
With The BeatlesMoney (That's What I Want)
37%
Past MastersRain
37%
Help!Act Naturally
36%
The BeatlesI'm So Tired
36%
Please Please MeMisery
36%
The BeatlesWild Honey Pie
36%
The BeatlesEverybody's Got Something To Hide Except Me And My Monkey
35%
A Hard Day's NightIf I Fell
35%
Let It BeI Me Mine
35%
Please Please MeP.S. I Love You
35%
Anniversary EditionsWake Up Little Susie / I Me Mine
35%
Magical Mystery TourYour Mother Should Know
35%
Help!You've Got To Hide Your Love Away
35%
Please Please MeA Taste Of Honey
34%
The BeatlesGood Night
34%
Beatles For SaleI'll Follow The Sun
34%
Beatles For SaleNo Reply
34%
Past MastersOld Brown Shoe
34%
Let It BeOne After 909
34%
Yellow SubmarineOnly A Northern Song
34%
Beatles For SaleRock And Roll Music
34%
RevolverShe Said She Said
34%
Past MastersWe Can Work It Out
34%
Past MastersI Feel Fine
33%
Magical Mystery TourFlying
32%
Past MastersFrom Me To You
32%
Live At The BBCFrom Us To You
32%
Beatles For SaleI'm A Loser
32%
Let It BeI've Got A Feeling
32%
The BeatlesMother Nature's Son
32%
Help!The Night Before
32%
A Hard Day's NightI'm Happy Just To Dance With You
31%
Help!I've Just Seen A Face
31%
The BeatlesI Will
31%
RevolverLove You To
31%
With The BeatlesTill There Was You
31%
Rubber SoulWait
31%
Yellow SubmarineAll Together Now
30%
Please Please MeBaby It's You
30%
Beatles For SaleBaby's In Black
30%
Beatles For SaleI Don't Want To Spoil The Party
30%
Rubber SoulIf I Needed Someone
30%
Rubber SoulI'm Looking Through You
30%
With The BeatlesIt Won't Be Long
30%
The BeatlesLong, Long, Long
30%
Past MastersLong Tall Sally
30%
Anniversary EditionsMaggie Mae / Fancy My Chances With You
30%
A Hard Day's NightTell Me Why
30%
Rubber SoulThink For Yourself
30%
Magical Mystery TourBaby, You're A Rich Man
29%
Anthology 1Free As A Bird
29%
Beatles For SaleMr Moonlight
29%
Rubber SoulYou Won't See Me
29%
The BeatlesDon't Pass Me By
28%
Help!You're Going To Lose That Girl
28%
Help!Another Girl
27%
The BeatlesCry Baby Cry
26%
A Hard Day's NightI'll Cry Instead
26%
Help!I Need You
26%
A Hard Day's NightI Should Have Known Better
26%
Yellow SubmarineIt's All Too Much
26%
CD SinglesNow And Then
26%
Please Please MeThere's A Place
26%
A Hard Day's NightThings We Said Today
26%
Past MastersThis Boy
26%
With The BeatlesDon't Bother Me
25%
Beatles For SaleHoney Don't
25%
RevolverI Want To Tell You
25%
Past MastersShe's A Woman
24%
A Hard Day's NightI'll Be Back
23%
Past MastersThe Inner Light
23%
Rubber SoulWhat Goes On
23%
Past MastersYou Know My Name (Look Up The Number)
23%
A Hard Day's NightAny Time At All
22%
Beatles For SaleEverybody's Trying To Be My Baby
22%
Help!It's Only Love
22%
With The BeatlesLittle Child
22%
Past MastersMatchbox
22%
Anthology 2Real Love
22%
With The BeatlesAll I've Got To Do
21%
With The BeatlesDevil In Her Heart
21%
Past MastersI'm Down
21%
With The BeatlesI Wanna Be Your Man
21%
Help!You Like Me Too Much
21%
With The BeatlesYou Really Got A Hold On Me
21%
With The BeatlesHold Me Tight
20%
With The BeatlesNot A Second Time
20%
A Hard Day's NightWhen I Get Home
20%
Beatles For SaleWords Of Love
20%
Past MastersYes It Is
20%
A Hard Day's NightYou Can't Do That
20%
Please Please MeAsk Me Why
19%
Past MastersBad Boy
19%
Beatles For SaleEvery Little Thing
19%
Help!Tell Me What You See
19%
Beatles For SaleWhat You're Doing
18%
Past MastersThank You Girl
17%
Past MastersI Call Your Name
16%
Past MastersI'll Get You
16%
Anthology 1My Bonnie
14%
Past MastersSlow Down
13%
Anthology 3Medley: Rip It Up / Shake, Rattle And Roll / Blue Suede Shoes
12%
Live At The BBCJohnny B. Goode
11%
Anniversary EditionsSt Louis Blues
11%
Anthology 1In Spite Of All The Danger
10%
Anthology 3Junk
9%
Live At The BBCSome Other Guy
9%
Anthology 1That'll Be The Day
9%
Anthology 3All Things Must Pass
8%
Get Back - The Rooftop PerformanceGod Save The Queen
8%
Anniversary EditionsGoodbye
8%
Live At The BBCLucille
8%
Anthology 3Not Guilty
8%
Anthology 1Shout
8%
Anthology 1Three Cool Cats
8%
Anthology 3What's The New Mary Jane
8%
Anthology 1Ain't She Sweet
7%
Anthology 1Besame Mucho
7%
Anthology 1Cry For A Shadow
7%
Live At The BBCMemphis, Tennessee
7%
Anthology 212-Bar Original
6%
Live At The BBCA Shot Of Rhythm And Blues
6%
Live At The BBCCarol
6%
Live At The BBCClarabella
6%
Anthology 3Come And Get It
6%
Live At The BBCCrying, Waiting, Hoping
6%
Live At The BBCDon't Ever Change
6%
Anthology 2If You've Got Trouble
6%
Live At The BBCI Got A Woman
6%
Live At The BBCI'll Be On My Way
6%
Live At The BBCI'm Gonna Sit Right Down And Cry (Over You)
6%
Live At The BBCKeep Your Hands Off My Baby
6%
Anthology 1Searchin'
6%
Live At The BBCSoldier Of Love
6%
Anniversary EditionsSour Milk Sea
6%
Live At The BBCSure To Fall (In Love With You)
6%
Live At The BBCSweet Little Sixteen
6%
Anthology 3Teddy Boy
6%
Live At The BBCThat's All Right (Mama)
6%
Live At The BBCThe Honeymoon Song
6%
Anthology 1The Sheik Of Araby
6%
Live At The BBCTo Know Her Is To Love Her
6%
Live At The BBCToo Much Monkey Business
6%
Live At The BBCYoung Blood
6%
The Beatles Bootleg Recordings 1963Bad To Me
5%
Anniversary EditionsBlue Moon
5%
Anniversary EditionsChild Of Nature
5%
CD SinglesChristmas Time (Is Here Again)
5%
Live At The BBCGlad All Over
5%
On Air – Live At The BBC Volume 2Happy Birthday Dear Saturday Club
5%
Anthology 1How Do You Do It
5%
Live At The BBCI Forgot To Remember To Forget
5%
Anthology 1Like Dreamers Do
5%
Anthology 1Moonlight Bay
5%
Live At The BBCNothin' Shakin'
5%
Live At The BBCOoh! My Soul
5%
Live At The BBCSo How Come (No One Loves Me)
5%
Anthology 3Step Inside Love / Los Paranoias
5%
Anthology 2That Means A Lot
5%
Live At The BBCThe Hippy Hippy Shake
5%
Anthology 1You Know What To Do
5%
Anniversary Editions(You're So Square) Baby I Don't Care
5%
Anniversary EditionsCan You Take Me Back?
4%
Anthology 1Cayenne
4%
Anniversary EditionsCircles
4%
Anthology 1Hallelujah, I Love Her So
4%
Anthology 1Hello Little Girl
4%
Live At The BBCI Got To Find My Baby
4%
Live At The BBCI Just Don't Understand
4%
The Beatles Bootleg Recordings 1963I'm In Love
4%
Anthology 1Leave My Kitten Alone
4%
Anthology 1Lend Me Your Comb
4%
Live At The BBCLonesome Tears In My Eyes
4%
Anthology 3Mailman, Bring Me No More Blues
4%
Anthology 1You'll Be Mine
4%
On Air – Live At The BBC Volume 2Beautiful Dreamer
3%
Anniversary EditionsGimme Some Truth
3%
On Air – Live At The BBC Volume 2I'm Talking About You
3%
Anniversary EditionsThe Walk
3%

Score Distribution

Percentile by Number Answered

Percent of People with Each Score

Your Score History

You have not taken this quiz since the last reset